The Top 20 Best Assisters of the Decade (2010s) - Statistics

General Stats
  • This quiz has been taken 464 times
  • The average score is 11 of 20
Answer Stats
Rank Player Assists % Correct
1st Lionel Messi 205
100%
3rd Thomas Müller 172
90%
11th Cristiano Ronaldo 140
88%
7th Kevin De Bruyne 148
81%
4th Luis Suárez 171
77%
2nd Ángel Di María 188
74%
5th Mesut Özil 168
71%
20th Toni Kroos 115
68%
18th Gareth Bale 119
64%
16th Karim Benzema 126
62%
8th David Silva 145
55%
13th Eden Hazard 137
51%
9th Franck Ribéry 141
51%
15th Cesc Fàbregas 128
44%
9th Dušan Tadić 141
40%
6th Christian Eriksen 154
36%
11th Dries Mertens 140
27%
17th Hakim Ziyech 123
24%
18th Juan Mata 119
23%
14th Dimitri Payet 134
16%
No matching quizzes found
Score Distribution
Percent of People with Each Score
Percentile by Number Answered
Your Score History
You have not taken this quiz